| 000 | 00467nam a22001697a 4500 | ||
|---|---|---|---|
| 003 | DO-SdBNP | ||
| 005 | 20171128134326.0 | ||
| 008 | 171128b cu||||| |||| 00| 0 spa d | ||
| 020 | _a9590100341 | ||
| 040 |
_aBPMSU _bspa _cBPMSU |
||
| 245 |
_aCuba hoy : _bdatos y referencias de una nación que resiste y se desarrolla |
||
| 260 |
_aLa Habana _bPolitica _c1992 |
||
| 300 |
_a17 p, _c18 cm |
||
| 942 |
_2ddc _cBK |
||
| 945 | _ainventariado / DG | ||
| 956 |
_adgarcia _b10 |
||
| 999 |
_c13171 _d13171 |
||